00949 2200325 4500001002100000005001500021035002000036007000300056008004100059020002200100040002200122082001400144084001600158090002000174090002200194100002700216245008000243250004000323300004300363650001700406700002700423850001200450041000800462264003000470264002700500336002100527337003000548338002300578990002200601INLIS00000000084555520190408114234 a0010-0419000414ta190408t20172010yoia g eng  a978-979-29-7047-0 aYOPDYOGbengerda04223a620.1 a620.1 BAN a aDEP 620.1 BAN a aCB-D.11 2018-12941 aBansal, R. K.epenulis13aA textbook of engineering mechanics /cpenulis, R. K. Bansal, Sanjay Bansal aEdisi I, cetakan pertama tahun 2018 axiv, 808 halaman :bilustrasi ;c25 cm 4aTeknik Mesin0 aSanjay Bansalepenulis aYOPDYOG0 aeng31aYogyakarta :bANDI,c2018 4a© 2018 ANDI Publisher 2rdacontentateks 2rdamediaatanpa perantara 2rdacarrieravolume aCB-D.11/2018-1294